01441nab a22002777a 4500999001500000003000400015005001700019008004100036040000700077100002600084245020000110260007300310300001300383500003500396505029500431505008100726650002300807650002000830650002900850650002400879650003200903650002300935650003600958773015600994942001301150 c6405d6405OSt20260202111504.0190429b xxu||||| |||| 00| 0 spa d cPJ 97042aGastaldi, Paula13aLa luz también se equivoca. Qué hechos mirar y cómo interpretar el instituto de legítima defensa en caso de mujeres con discapacidad víctimas de violencia de género /cPaula Gastaldi. cCiudad Autónoma de Buenos Aires :aThomson Reuters La Ley, b2023. ap. 43-51 aCita Online: AR/DOC/1519/2023. aSumario: I. Presentación del fallo. Introducción.— II. Los hechos, historia procesal y resolución del tribunal.— III. La ratio decidendi. Los argumentos de la CSJN.— IV. Perspectiva de género y legítima defensa.— V. Perspectiva de la discapacidad.— VI. Bibliografía.  tSi te interesa el texto completo, solicitalo a koha@justierradelfuego.gov.ar 09343aDERECHO PENAL 092913aHOMICIDIO 092793aLEGÍTIMA DEFENSA 092348aPROCESO PENAL 093053aVIOLENCIA DE GÉNERO 092903aABUSO SEXUAL 093271aPERSONAS CON DISCAPACIDAD0 0265893164tRevista de derecho penal y criminología. Nº 7 - Agosto 2023dCiudad Autónoma de Buenos Aires : Thomson Reuters La Ley, 2017-x00347914 2udccANA